Szczegóły MARC21

Pod rozkazami Łupaszki : trylogia: U boku "Łupaszki", Żołnierze "Łupaszki", Więzień Kołymy : wspomnienia dowódcy 3. szwadronu i jego miłości życia, sanitariuszki z 5. Brygady Wileńskiej AK mjr. Szendzielarza "Łupaszki" i z zesłania na Kołymę /

003 -Nazwa inst., której nr kontr. jest w polu 001 [,]
    • @
    • Nazwa instytucji, której n kontrolny jest w polu 001
    • NUKAT
005 -DATA I CZAS OSTATNIEJ MODYFIKACJI [,]
    • @
    • pole kontrolne
    • 20241231092621.0
020 -Międzynarod. znormalizowany nr książki - ISBN [ , ]
    • a
    • Numer ISBN
    • 9788365902139 Find
    • q
    • Dopowiedzenie
    • oprawa broszurowa
020 -Międzynarod. znormalizowany nr książki - ISBN [ , ]
    • a
    • Numer ISBN
    • 9788365902146 Find
    • q
    • Dopowiedzenie
    • oprawa twarda
040 -Instytucja sporządzająca opis [ , ]
    • a
    • Instytucja, która sporządziła opis (NP)
    • WR O/KS
    • c
    • Instytucja, która sporządziła rekord (NP)
    • WR O/KSs
    • d
    • Instytucja, która zmodyfikowała rekord (P)
    • WR O/LC
    • d
    • Instytucja, która zmodyfikowała rekord (P)
    • WR O/KSs
    • d
    • Instytucja, która zmodyfikowała rekord (P)
    • SZCZ U/ML
942 -Rodzaj dokumentu [ , ]
    • c
    • Rodzaj dokumentu
    • Książka
100 -Hasło główne - nazwa osobowa [1, ]
    • a
    • Nazwa osobowa (NP)
    • Smalewski, Jan Stanisław
    • d
    • Daty biograficzne (NP)
    • (1946- ).
    • 9
    • KHW
    • 442075
245 -Strefa tytułu i oznaczenia odpowiedzialności [1,0]
    • a
    • Tytuł
    • Pod rozkazami Łupaszki : Find
    • b
    • Ciąg dalszy tytułu (NP)
    • trylogia: U boku "Łupaszki", Żołnierze "Łupaszki", Więzień Kołymy : wspomnienia dowódcy 3. szwadronu i jego miłości życia, sanitariuszki z 5. Brygady Wileńskiej AK mjr. Szendzielarza "Łupaszki" i z zesłania na Kołymę / Find
    • c
    • Pozostałe elementy strefy tytułu i oznaczenia odpowiedzialności (NP)
    • Maks i Aldona Rymsza ; wspomnienia opracował Jan Stanisław Smalewski.
260 -Strefa adresu wydawniczego [ , ]
    • a
    • Miejsce wydania (P)
    • Warszawa ;
    • a
    • Miejsce wydania (P)
    • Kraków :
    • b
    • Nazwa wydawcy (P)
    • Oficyna Wydawnicza Mireki,
    • c
    • Data wydania (P)
    • cop. 2018.
300 -Strefa opisu fizycznego [ , ]
    • a
    • Określenie formy książki i/lub objętość (NP)
    • 680 s. :
    • b
    • Oznaczenie ilustracji (NP)
    • il. ;
    • c
    • Format (NP)
    • 25 cm.
336 -Typ zawartości [ , ]
    • a
    • Termin opisujący typ zawartości
    • Tekst
    • b
    • Kod określający zawartość
    • txt
    • 2
    • Źródło (terminu i kodu)
    • rdacontent
337 -Typ mediów [ , ]
    • a
    • Tryb odtwarzania
    • Bez urządzenia pośredniczącego
    • b
    • Kod typu mediów
    • n
    • 2
    • Źródło (terminu i kodu)
    • rdamedia
338 -Typ/rodzaj nośnika [ , ]
    • a
    • Hasło opisujące typ nośnika
    • Wolumin
    • b
    • Kod typu nośnika
    • nc
    • 2
    • Źródło (terminu i kodu)
    • rdacarrier
520 -Adnotacja wyjaśniająca lub analiza wskazująca [8, ]
    • a
    • Adnotacja wyjaśniająca lub analiza wskazująca
    • Powieść biograficzna na kanwie wspomnień Antoniego i Aldony Rymszów.
600 -Hasło przedmiotowe w formie nazwy osobowej [1,7]
    • a
    • Nazwa osobowa
    • Rymsza, Antoni
    • d
    • Daty związane z nazwą
    • (1914-1994)
    • v
    • Określnik formalny
    • powieści.
    • 2
    • Źródło terminu
    • kaba
    • 9
    • KHW
    • 442012
600 -Hasło przedmiotowe w formie nazwy osobowej [1,7]
    • a
    • Nazwa osobowa
    • Rymsza, Aldona
    • d
    • Daty związane z nazwą
    • (1921-2009)
    • v
    • Określnik formalny
    • powieści.
    • 2
    • Źródło terminu
    • kaba
    • 9
    • KHW
    • 442008
600 -Hasło przedmiotowe w formie nazwy osobowej [1,7]
    • a
    • Nazwa osobowa
    • Szendzielarz, Zygmunt
    • d
    • Daty związane z nazwą
    • (1910-1951)
    • v
    • Określnik formalny
    • powieści.
    • 2
    • Źródło terminu
    • kaba
    • 9
    • KHW
    • 442007
610 -Hasło przedmiotowe w formie nazwy ciała zbiorowego [1,7]
    • a
    • Nazwa ciała zbiorowego lub nazwa geograficzna
    • Polska.
    • b
    • Nazwa jednostki podrzędnej
    • Armia Krajowa.
    • b
    • Nazwa jednostki podrzędnej
    • 5 Brygada Wileńska
    • v
    • Określnik formalny
    • powieści.
    • 2
    • Źródło terminu
    • kaba
    • 9
    • KHW
    • 442009
650 -Hasło przedmiotowe [ ,7]
    • a
    • Hasło przedmiotowe
    • Opór wobec władzy
    • z
    • Określnik geograficzny
    • Polska
    • y
    • Określnik chronologiczny
    • 1945-1970
    • v
    • Określnik formalny
    • powieści.
    • 2
    • Źródło terminu
    • kaba
    • 9
    • KHW
    • 441134
650 -Hasło przedmiotowe [ ,7]
    • a
    • Hasło przedmiotowe
    • Represje polityczne
    • z
    • Określnik geograficzny
    • Polska
    • y
    • Określnik chronologiczny
    • 1945-1970
    • v
    • Określnik formalny
    • powieści.
    • 2
    • Źródło terminu
    • kaba
    • 9
    • KHW
    • 442010
650 -Hasło przedmiotowe [ ,7]
    • a
    • Hasło przedmiotowe
    • Więźniowie polityczni
    • z
    • Określnik geograficzny
    • Polska
    • y
    • Określnik chronologiczny
    • 1945-1970
    • v
    • Określnik formalny
    • powieści.
    • 2
    • Źródło terminu
    • kaba
    • 9
    • KHW
    • 442011
650 -Hasło przedmiotowe [ ,7]
    • a
    • Hasło przedmiotowe
    • Zbrojne podziemie antykomunistyczne
    • z
    • Określnik geograficzny
    • Polska
    • v
    • Określnik formalny
    • powieści.
    • 2
    • Źródło terminu
    • kaba
    • 9
    • KHW
    • 441136
651 -Hasło przedmiotowe w formie nazwy geograficznej [ ,7]
    • a
    • Nazwa geograficzna
    • Wilno (Litwa ; region)
    • y
    • Określnik chronologiczny
    • 1939-1945 (Wojna i okupacja)
    • v
    • Określnik formalny
    • powieści.
    • 2
    • Źródło terminu
    • kaba
    • 9
    • KHW
    • 439790
655 -Hasło w funkcji tematu formalnego [ ,7]
    • a
    • Hasło
    • Powieść biograficzna polska
    • y
    • Określnik chronologiczny
    • 1990-.
    • 2
    • Źródło terminu
    • kaba
    • 9
    • KHW
    • 378633
700 -Hasło dodatkowe - nazwa osobowa [1,2]
    • a
    • Nazwa osobowa (NP)
    • Smalewski, Jan Stanisław Find
    • d
    • Daty biograficzne (NP)
    • (1946- ).
    • t
    • Tytuł ujednolicony/tytuł (NP)
    • U boku Łupaszki Find
    • l
    • Język tekstu (NP)
    • (pol.)
    • 9
    • KHW
    • 442076
700 -Hasło dodatkowe - nazwa osobowa [1,2]
    • a
    • Nazwa osobowa (NP)
    • Smalewski, Jan Stanisław Find
    • d
    • Daty biograficzne (NP)
    • (1946- ).
    • t
    • Tytuł ujednolicony/tytuł (NP)
    • Żołnierze Łupaszki Find
    • l
    • Język tekstu (NP)
    • (pol.)
    • 9
    • KHW
    • 442077
700 -Hasło dodatkowe - nazwa osobowa [1,2]
    • a
    • Nazwa osobowa (NP)
    • Smalewski, Jan Stanisław Find
    • d
    • Daty biograficzne (NP)
    • (1946- ).
    • t
    • Tytuł ujednolicony/tytuł (NP)
    • Więzień Kołymy Find
    • l
    • Język tekstu (NP)
    • (pol.)
    • 9
    • KHW
    • 442078
700 -Hasło dodatkowe - nazwa osobowa [1, ]
    • a
    • Nazwa osobowa (NP)
    • Rymsza, Antoni Find
    • d
    • Daty biograficzne (NP)
    • (1914-1994).
    • 9
    • KHW
    • 270038
700 -Hasło dodatkowe - nazwa osobowa [1, ]
    • a
    • Nazwa osobowa (NP)
    • Rymsza, Aldona Find
    • d
    • Daty biograficzne (NP)
    • (1921-2009).
    • 9
    • KHW
    • 448702
710 -Hasło dodatkowe - nazwa ciała zbiorowego [2, ]
    • a
    • Nazwa ciała zbiorowego lub nazwa geograficzna jako pierwszy element (NP)
    • Oficyna Wydawnicza "Mireki".
    • 4
    • Kod relacji
    • pbl
    • 9
    • KHW
    • 438289
920 -ISBN [ , ]
    • a
    • ISBN
    • 978-83-65902-13-9 Find
    • q
    • Dopowiedzenie
    • oprawa broszurowa
920 -ISBN [ , ]
    • a
    • ISBN
    • 978-83-65902-14-6 Find
    • q
    • Dopowiedzenie
    • oprawa twarda
Data inwentaryzacji Lokalizacja Numer inwentarzowy Status udost.
2018-01-17BNSH.307531
2018-01-17BNSH.30754-3